[Event "EWIRCC 2019"]
[Site "Monte-Carlo"]
[Date "2019.12.01"]
[Round "8.12"]
[White "Guichard, Pauline"]
[Black "Bensdorp-De Labaca, Marlies"]
[Result "1-0"]
[WhiteElo "2407"]
[BlackElo "2228"]
[Annotator "NA"]
[PlyCount "75"]
[EventDate "2019.11.28"]
[EventType "swiss"]
[EventCountry "MNC"]
[SourceTitle "playchess.com"]
[Source "ChessBase"]
[SourceQuality "1"]
[TimeControl "5400+30"]

1. d4 {[%emt 1:15:12]} d5 {[%emt 1:15:13]} 2. Bf4 {[%emt 0:00:22]} Nf6 {[%emt 0:00:24]} 3. e3 {[%emt 0:00:22]} e6 {[%emt 0:00:22]} 4. Nd2 {[%emt 0:00:24]} Bd6 {[%emt 0:00:33]} 5. Bg3 {[%emt 0:00:22]} O-O {[%emt 0:00:22]} 6. Bd3 {[%emt 0:00:42]} c5 {[%emt 0:00:26]} 7. c3 {[%emt 0:00:22]} Nc6 {[%emt 0:00:25]} 8. Ngf3 {[%emt 0:00:24]} cxd4 {[%emt 0:01:11]} 9. exd4 {[%emt 0:00:45]} Qc7 {[%emt 0:00:25]} 10. O-O {[%emt 0:01:03]} Bxg3 {[%emt 0:01:26]} 11. hxg3 {[%emt 0:00:23]} e5 {[%emt 0:00:34]} 12. dxe5 {[%emt 0:01:05]} Nxe5 {[%emt 0:00:21]} 13. Nxe5 {[%emt 0:00:28]} Qxe5 {[%emt 0:00:22]} 14. Re1 {[%emt 0:00:57]} Qd6 {[%emt 0:00:33]} 15. Qa4 {[%emt 0:00:30]} Bd7 {[%emt 0:00:57]} 16. Qd4 {[%emt 0:00:34]} b6 {[%emt 0:01:19]} 17. Ne4 {[%emt 0:01:11]} Nxe4 {[%emt 0:05:05]} 18. Bxe4 {[%emt 0:00:24]} Be6 {[%emt 0:00:33]} 19. Rad1 {[%emt 0:00:49]} Rad8 {[%emt 0:00:27]} 20. c4 {[%emt 0:00:35]} Qb4 {[%emt 0:03:46]} 21. cxd5 {[%emt 0:01:06]} Qa5 {[%emt 0:00:56]} 22. Bxh7+ {[%emt 0:01:51]} Kxh7 {[%emt 0:00:33]} 23. Qe4+ {[%emt 0:00:35]} Bf5 {[%emt 0:02:38]} 24. Qxf5+ {[%emt 0:00:23]} g6 {[%emt 0:00:21]} 25. Qg5 {[%emt 0:03:23]} Qxa2 {[%emt 0:03:18]} 26. Re4 {[%emt 0:01:22]} Qxb2 {[%emt 0:00:00]} 27. Rh4+ {[%emt 0:03:02]} Kg8 {[%emt 0:00:00]} 28. Rdd4 {[%emt 0:00:22]} Qb1+ {[%emt 0:00:27]} 29. Kh2 {[%emt 0:00:22]} f6 {[%emt 0:01:07]} 30. Qh6 {[%emt 0:00:31]} Rd7 {[%emt 0:00:42]} 31. d6 {[%emt 0:03:39]} Qf5 {[%emt 0:00:33]} 32. Rdf4 {[%emt 0:01:25]} Qg5 {[%emt 0:00:24]} 33. Qh8+ {[%emt 0:00:30]} Kf7 {[%emt 0:00:22]} 34. Qh7+ {[%emt 0:00:56]} Ke8 {[%emt 0:00:27]} 35. Re4+ {[%emt 0:00:23]} Kd8 {[%emt 0:00:21]} 36. Re7 {[%emt 0:00:34]} Rxd6 {[%emt 0:00:26]} 37. Rxa7 {[%emt 0:00:26]} Qe5 {[%emt 0:00:31]} 38. Ra8# {[%emt 0:00:26]} 1-0

[Event "EWIRCC 2019"]
[Site "Monte-Carlo"]
[Date "2019.12.01"]
[Round "8.14"]
[White "Worek, Joanna"]
[Black "Zaksaite, Salomeja"]
[Result "1/2-1/2"]
[WhiteElo "2316"]
[BlackElo "2202"]
[Annotator "NA"]
[PlyCount "151"]
[EventDate "2019.11.28"]
[EventType "swiss"]
[EventCountry "MNC"]
[SourceTitle "playchess.com"]
[Source "ChessBase"]
[SourceQuality "1"]
[TimeControl "5400+30"]

1. e4 {[%emt 1:15:11]} c5 {[%emt 1:15:16]} 2. Nf3 {[%emt 0:00:22]} e6 {[%emt 0:00:20]} 3. d4 {[%emt 0:00:21]} cxd4 {[%emt 0:00:21]} 4. Nxd4 {[%emt 0:00:20]} Nf6 {[%emt 0:00:21]} 5. Nc3 {[%emt 0:00:23]} Nc6 {[%emt 0:00:21]} 6. Nxc6 {[%emt 0:00:27]} bxc6 {[%emt 0:00:21]} 7. e5 {[%emt 0:00:21]} Nd5 {[%emt 0:00:21]} 8. Nxd5 {[%emt 0:00:23]} cxd5 {[%emt 0:00:26]} 9. Bd3 {[%emt 0:00:22]} Qc7 {[%emt 0:00:57]} 10. Qe2 {[%emt 0:00:22]} Bb4+ {[%emt 0:00:22]} 11. Kf1 {[%emt 0:00:21]} a5 {[%emt 0:03:58]} 12. h4 {[%emt 0:00:24]} d6 {[%emt 0:05:22]} 13. Bf4 {[%emt 0:09:26]} O-O {[%emt 0:01:46]} 14. h5 {[%emt 0:00:29]} dxe5 {[%emt 0:00:27]} 15. Bxe5 {[%emt 0:00:32]} Bd6 {[%emt 0:00:34]} 16. Bxd6 {[%emt 0:01:36]} Qxd6 {[%emt 0:00:21]} 17. c4 {[%emt 0:00:29]} Bb7 {[%emt 0:02:24]} 18. Rd1 {[%emt 0:00:44]} Rad8 {[%emt 0:00:35]} 19. cxd5 {[%emt 0:03:12]} exd5 {[%emt 0:00:52]} 20. Rh3 {[%emt 0:00:26]} Rfe8 {[%emt 0:01:42]} 21. Qd2 {[%emt 0:00:21]} d4 {[%emt 0:01:00]} 22. Kg1 {[%emt 0:03:10]} Qd5 {[%emt 0:00:51]} 23. Bf1 {[%emt 0:00:29]} Re5 {[%emt 0:00:45]} 24. h6 {[%emt 0:00:28]} Rg5 {[%emt 0:00:55]} 25. f4 {[%emt 0:00:29]} Rg6 {[%emt 0:00:39]} 26. hxg7 {[%emt 0:00:22]} Rxg7 {[%emt 0:01:05]} 27. Rd3 {[%emt 0:00:43]} Rg4 {[%emt 0:00:50]} 28. Rxd4 {[%emt 0:00:25]} Qc5 {[%emt 0:00:23]} 29. Qf2 {[%emt 0:00:21]} Re8 {[%emt 0:00:36]} 30. f5 {[%emt 0:00:27]} Rg5 {[%emt 0:00:30]} 31. f6 {[%emt 0:00:28]} Kh8 {[%emt 0:00:26]} 32. Rd8 {[%emt 0:00:34]} Qxf2+ {[%emt 0:00:42]} 33. Kxf2 {[%emt 0:00:21]} Rgg8 {[%emt 0:00:24]} 34. Rxe8 {[%emt 0:00:26]} Rxe8 {[%emt 0:00:20]} 35. Rd7 {[%emt 0:00:21]} Be4 {[%emt 0:00:37]} 36. Bc4 {[%emt 0:01:34]} Bg6 {[%emt 0:00:33]} 37. Ra7 {[%emt 0:00:29]} Rc8 {[%emt 0:00:33]} 38. b3 {[%emt 0:00:25]} h6 {[%emt 0:00:24]} 39. Bxf7 {[%emt 0:00:29]} Bxf7 {[%emt 0:00:32]} 40. Rxf7 {[%emt 0:00:23]} Rc2+ {[%emt 0:00:20]} 41. Kf3 {[%emt 0:00:21]} Rxa2 {[%emt 0:00:21]} 42. g4 {[%emt 0:01:43]} Rb2 {[%emt 0:00:24]} 43. Kf4 {[%emt 0:00:00]} Rf2+ {[%emt 0:00:58]} 44. Ke5 {[%emt 0:00:00]} Kg8 {[%emt 0:00:29]} 45. Ra7 {[%emt 0:00:00]} Rf3 {[%emt 0:00:32]} 46. Rxa5 {[%emt 0:00:24]} Rxb3 {[%emt 0:00:22]} 47. Kf5 {[%emt 0:00:22]} Rb4 {[%emt 0:00:38]} 48. Ra7 {[%emt 0:00:26]} Kf8 {[%emt 0:00:25]} 49. Rh7 {[%emt 0:00:23]} Rb5+ {[%emt 0:00:26]} 50. Kf4 {[%emt 0:00:53]} Rb4+ {[%emt 0:00:23]} 51. Kg3 {[%emt 0:00:23]} Rb6 {[%emt 0:00:49]} 52. Rxh6 {[%emt 0:00:22]} Kf7 {[%emt 0:00:22]} 53. Rh7+ {[%emt 0:00:23]} Kg6 {[%emt 0:00:21]} 54. f7 {[%emt 0:01:21]} Rb8 {[%emt 0:00:35]} 55. Rh5 {[%emt 0:00:25]} Kxf7 {[%emt 0:00:22]} 56. Rh6 {[%emt 0:00:22]} Kg7 {[%emt 0:00:21]} 57. Rc6 {[%emt 0:00:21]} Ra8 {[%emt 0:00:23]} 58. Kh4 {[%emt 0:00:24]} Rb8 {[%emt 0:00:22]} 59. Kh5 {[%emt 0:00:22]} Rb5+ {[%emt 0:00:27]} 60. g5 {[%emt 0:00:22]} Rb8 {[%emt 0:00:32]} 61. Rc7+ {[%emt 0:00:21]} Kg8 {[%emt 0:00:23]} 62. Kh6 {[%emt 0:00:21]} Ra8 {[%emt 0:00:23]} 63. g6 {[%emt 0:00:22]} Rb8 {[%emt 0:00:20]} 64. Rg7+ {[%emt 0:00:24]} Kh8 {[%emt 0:00:22]} 65. Rf7 {[%emt 0:00:58]} Kg8 {[%emt 0:00:22]} 66. Rf6 {[%emt 0:00:25]} Rb1 {[%emt 0:00:37]} 67. Rf5 {[%emt 0:00:30]} Rh1+ {[%emt 0:00:24]} 68. Kg5 {[%emt 0:00:21]} Ra1 {[%emt 0:00:34]} 69. Rb5 {[%emt 0:01:14]} Rg1+ {[%emt 0:00:28]} 70. Kf6 {[%emt 0:00:21]} Rf1+ {[%emt 0:00:22]} 71. Rf5 {[%emt 0:00:32]} Rxf5+ {[%emt 0:00:23]} 72. Kxf5 {[%emt 0:00:21]} Kg7 {[%emt 0:00:21]} 73. Kg5 {[%emt 0:02:07]} Kg8 74. Kf6 {[%emt 0:00:00]} Kf8 {[%emt 0:00:51]} 75. g7+ {[%emt 0:00:00]} Kg8 {[%emt 0:00:21]} 76. Kg6 1/2-1/2

[Event "EWIRCC 2019"]
[Site "Monte-Carlo"]
[Date "2019.12.01"]
[Round "8.15"]
[White "Michna, Marta"]
[Black "Belenkaya, Dina"]
[Result "1/2-1/2"]
[WhiteElo "2366"]
[BlackElo "2302"]
[Annotator "ChessBase"]
[PlyCount "132"]
[EventDate "2019.11.28"]
[EventType "swiss"]
[EventCountry "MNC"]
[SourceTitle "playchess.com"]
[Source "ChessBase"]
[SourceQuality "1"]
[TimeControl "5400+30"]

1. d4 {[%emt 1:15:11]} d5 {[%emt 1:15:15]} 2. Bf4 {[%emt 0:00:22]} c5 {[%emt 0:00:21]} 3. e3 {[%emt 0:00:22]} Nc6 {[%emt 0:00:22]} 4. c3 {[%emt 0:00:21]} Nf6 {[%emt 0:00:21]} 5. Nd2 {[%emt 0:00:22]} Bf5 {[%emt 0:00:22]} 6. Qb3 {[%emt 0:01:00]} Qd7 {[%emt 0:00:27]} 7. Ngf3 {[%emt 0:00:27]} c4 {[%emt 0:00:45]} 8. Qd1 {[%emt 0:00:25]} b5 {[%emt 0:00:39]} 9. Be2 {[%emt 0:06:48]} e6 {[%emt 0:00:23]} 10. Nh4 {[%emt 0:00:37]} Bg6 {[%emt 0:00:29]} 11. O-O {[%emt 0:00:37]} Bd6 {[%emt 0:00:37]} 12. Re1 {[%emt 0:00:51]} a5 {[%emt 0:03:10]} 13. Rc1 {[%emt 0:03:47]} b4 {[%emt 0:01:44]} 14. Bxd6 {[%emt 0:00:42]} Qxd6 {[%emt 0:00:23]} 15. b3 {[%emt 0:00:21]} cxb3 {[%emt 0:02:38]} 16. axb3 {[%emt 0:01:41]} O-O {[%emt 0:01:07]} 17. Nxg6 {[%emt 0:00:25]} hxg6 {[%emt 0:00:26]} 18. c4 {[%emt 0:00:26]} Rfc8 {[%emt 0:01:47]} 19. Ra1 {[%emt 0:00:43]} Qe7 {[%emt 0:01:02]} 20. Bf3 {[%emt 0:00:47]} Ra7 {[%emt 0:00:36]} 21. Qb1 {[%emt 0:00:42]} g5 {[%emt 0:01:38]} 22. h3 {[%emt 0:00:26]} g6 {[%emt 0:00:26]} 23. Rc1 {[%emt 0:01:09]} Qd6 {[%emt 0:01:33]} 24. cxd5 {[%emt 0:01:42]} exd5 {[%emt 0:01:26]} 25. Rc5 {[%emt 0:00:21]} Ra6 {[%emt 0:02:43]} 26. Qd3 {[%emt 0:00:34]} Ne7 {[%emt 0:01:57]} 27. Raxa5 {[%emt 0:01:30]} Rxa5 {[%emt 0:00:25]} 28. Rxa5 {[%emt 0:00:22]} Rc1+ {[%emt 0:00:24]} 29. Nf1 {[%emt 0:00:20]} Rc3 {[%emt 0:00:26]} 30. Qd1 {[%emt 0:00:21]} Ne4 {[%emt 0:00:34]} 31. Bxe4 {[%emt 0:00:35]} dxe4 {[%emt 0:00:21]} 32. Ng3 {[%emt 0:00:55]} f5 {[%emt 0:00:30]} 33. d5 {[%emt 0:00:48]} Rd3 {[%emt 0:00:35]} 34. Qa1 {[%emt 0:00:21]} Kh7 {[%emt 0:00:48]} 35. Ra8 {[%emt 0:00:43]} Rc3 {[%emt 0:00:24]} 36. Qa7 {[%emt 0:00:32]} Rc7 {[%emt 0:00:38]} 37. Qd4 {[%emt 0:00:31]} Nc8 {[%emt 0:00:30]} 38. Ra4 {[%emt 0:00:29]} Rb7 {[%emt 0:00:35]} 39. Ra5 {[%emt 0:00:32]} Nb6 {[%emt 0:00:24]} 40. Rb5 {[%emt 0:00:25]} Rb8 {[%emt 0:00:30]} 41. Qxb4 {[%emt 0:00:29]} Qxb4 {[%emt 0:00:26]} 42. Rxb4 {[%emt 0:00:21]} Kg7 {[%emt 0:00:26]} 43. Ne2 {[%emt 0:00:25]} Kf6 {[%emt 0:00:25]} 44. Nd4 {[%emt 0:00:24]} Nd7 {[%emt 0:00:24]} 45. Rxb8 {[%emt 0:00:25]} Nxb8 {[%emt 0:00:21]} 46. Nc6 {[%emt 0:00:23]} Nd7 {[%emt 0:00:24]} 47. d6 {[%emt 0:00:41]} Ke6 {[%emt 0:00:22]} 48. Ne7 {[%emt 0:00:21]} Ne5 {[%emt 0:00:34]} 49. g4 {[%emt 0:00:40]} fxg4 {[%emt 0:00:24]} 50. hxg4 {[%emt 0:00:28]} Kxd6 {[%emt 0:00:21]} 51. Nc8+ {[%emt 0:00:22]} Kd7 {[%emt 0:00:26]} 52. Nb6+ {[%emt 0:00:21]} Kc6 {[%emt 0:00:22]} 53. Nc8 {[%emt 0:00:23]} Kd7 {[%emt 0:00:25]} 54. Nb6+ {[%emt 0:00:24]} Ke6 {[%emt 0:00:47]} 55. Kg2 {[%emt 0:00:42]} Nxg4 {[%emt 0:00:29]} 56. Nc4 {[%emt 0:00:24]} Kd5 {[%emt 0:00:28]} 57. Kg3 {[%emt 0:00:42]} Nf6 {[%emt 0:00:21]} 58. Nd2 {[%emt 0:00:40]} Kc5 {[%emt 0:00:25]} 59. f3 {[%emt 0:00:37]} exf3 {[%emt 0:00:22]} 60. Nxf3 {[%emt 0:00:21]} Ne4+ {[%emt 0:01:34]} 61. Kg4 {[%emt 0:00:25]} Kb4 {[%emt 0:00:26]} 62. Nxg5 {[%emt 0:00:45]} Nc3 {[%emt 0:00:35]} 63. Nf7 {[%emt 0:00:56]} Kxb3 {[%emt 0:01:02]} 64. Kg5 {[%emt 0:00:28]} Kc4 {[%emt 0:00:00]} 65. Ne5+ {[%emt 0:00:33]} Kd5 {[%emt 0:00:12]} 66. Nxg6 {[%emt 0:00:23]} Ke4 {[%emt 0:00:21]} 1/2-1/2

[Event "EWIRCC 2019"]
[Site "Monte-Carlo"]
[Date "2019.12.01"]
[Round "8.16"]
[White "Salimova, Nurgyul"]
[Black "Socko, Monika"]
[Result "1/2-1/2"]
[WhiteElo "2370"]
[BlackElo "2417"]
[Annotator "NA"]
[PlyCount "76"]
[EventDate "2019.11.28"]
[EventType "swiss"]
[EventCountry "MNC"]
[SourceTitle "playchess.com"]
[Source "ChessBase"]
[SourceQuality "1"]
[TimeControl "5400+30"]

1. c4 {[%emt 1:15:11]} e5 {[%emt 1:15:12]} 2. Nc3 {[%emt 0:00:26]} Nc6 {[%emt 0:00:21]} 3. g3 {[%emt 0:00:22]} g6 {[%emt 0:00:25]} 4. Bg2 {[%emt 0:00:21]} Bg7 {[%emt 0:00:22]} 5. e3 {[%emt 0:00:35]} Nge7 {[%emt 0:00:26]} 6. Nge2 {[%emt 0:00:22]} O-O {[%emt 0:00:44]} 7. O-O {[%emt 0:00:23]} d6 {[%emt 0:00:22]} 8. d3 {[%emt 0:00:39]} Be6 {[%emt 0:00:37]} 9. Nd5 {[%emt 0:01:51]} Qd7 {[%emt 0:00:59]} 10. Nxe7+ {[%emt 0:01:12]} Qxe7 {[%emt 0:00:23]} 11. Rb1 {[%emt 0:00:28]} a5 {[%emt 0:00:27]} 12. Nc3 {[%emt 0:00:52]} Qd7 {[%emt 0:02:52]} 13. Nd5 {[%emt 0:00:30]} Rac8 {[%emt 0:01:24]} 14. a3 {[%emt 0:00:30]} Bh3 {[%emt 0:00:39]} 15. b4 {[%emt 0:00:23]} Bxg2 {[%emt 0:00:23]} 16. Kxg2 {[%emt 0:00:21]} axb4 {[%emt 0:00:34]} 17. axb4 {[%emt 0:00:21]} Ra8 {[%emt 0:00:24]} 18. Bb2 {[%emt 0:01:42]} Ne7 {[%emt 0:00:26]} 19. Nxe7+ {[%emt 0:00:51]} Qxe7 {[%emt 0:00:21]} 20. Ra1 {[%emt 0:00:40]} h5 {[%emt 0:00:48]} 21. h4 {[%emt 0:00:41]} c6 {[%emt 0:01:11]} 22. Qb3 {[%emt 0:00:39]} Qd7 {[%emt 0:00:31]} 23. Rxa8 {[%emt 0:00:59]} Rxa8 {[%emt 0:00:21]} 24. Ra1 {[%emt 0:00:22]} Rxa1 {[%emt 0:00:41]} 25. Bxa1 {[%emt 0:00:21]} d5 {[%emt 0:00:22]} 26. Bb2 {[%emt 0:02:42]} Kh7 {[%emt 0:00:43]} 27. b5 {[%emt 0:03:32]} dxc4 {[%emt 0:01:27]} 28. dxc4 {[%emt 0:00:29]} Qf5 {[%emt 0:00:22]} 29. bxc6 {[%emt 0:00:39]} bxc6 {[%emt 0:00:31]} 30. Ba3 {[%emt 0:01:33]} e4 {[%emt 0:01:49]} 31. Bb2 {[%emt 0:01:46]} g5 {[%emt 0:02:22]} 32. hxg5 {[%emt 0:00:51]} Qxg5 {[%emt 0:00:22]} 33. Bxg7 {[%emt 0:00:23]} Qxg7 {[%emt 0:00:58]} 34. Qb6 {[%emt 0:00:58]} Qf6 {[%emt 0:00:26]} 35. Qc5 {[%emt 0:00:30]} Qf3+ {[%emt 0:01:47]} 36. Kg1 {[%emt 0:00:23]} Qd1+ {[%emt 0:00:21]} 37. Kg2 {[%emt 0:00:21]} Qf3+ {[%emt 0:00:22]} 38. Kg1 {[%emt 0:00:21]} Qd1+ {[%emt 0:00:21]} 1/2-1/2

[Event "EWIRCC 2019"]
[Site "Monte-Carlo"]
[Date "2019.12.01"]
[Round "8.17"]
[White "Chiburdanidze, Maia"]
[Black "Janzelj, Lara"]
[Result "1-0"]
[WhiteElo "2500"]
[BlackElo "2158"]
[Annotator "ChessBase"]
[PlyCount "62"]
[EventDate "2019.11.28"]
[EventType "swiss"]
[EventCountry "MNC"]
[SourceTitle "playchess.com"]
[Source "ChessBase"]
[SourceQuality "1"]
[TimeControl "5400+30"]

1. d4 {[%emt 1:15:12]} d5 {[%emt 1:15:11]} 2. Nf3 {[%emt 0:00:22]} Nf6 {[%emt 0:00:22]} 3. e3 {[%emt 0:00:23]} Bg4 {[%emt 0:00:31]} 4. h3 {[%emt 0:00:26]} Bh5 {[%emt 0:00:23]} 5. c4 {[%emt 0:00:34]} c6 {[%emt 0:00:26]} 6. Qb3 {[%emt 0:00:45]} Qb6 {[%emt 0:00:25]} 7. Ne5 {[%emt 0:01:59]} Nbd7 {[%emt 0:01:01]} 8. Nxd7 {[%emt 0:00:29]} Nxd7 {[%emt 0:00:29]} 9. cxd5 {[%emt 0:00:26]} Qa5+ {[%emt 0:03:46]} 10. Nc3 {[%emt 0:00:40]} Rb8 {[%emt 0:00:55]} 11. Bd2 {[%emt 0:01:13]} Qc7 {[%emt 0:00:44]} 12. Rc1 {[%emt 0:00:42]} Nf6 {[%emt 0:00:30]} 13. Qa4 {[%emt 0:01:26]} a5 {[%emt 0:01:09]} 14. Nb5 {[%emt 0:02:11]} Qd7 {[%emt 0:00:35]} 15. dxc6 {[%emt 0:01:44]} bxc6 {[%emt 0:00:22]} 16. Na3 {[%emt 0:00:26]} Ne4 {[%emt 0:01:05]} 17. Rxc6 {[%emt 0:01:38]} Nxd2 {[%emt 0:00:50]} 18. Rc8+ {[%emt 0:00:26]} Rxc8 {[%emt 0:00:22]} 19. Bb5 {[%emt 0:00:21]} Rd8 {[%emt 0:00:52]} 20. Kxd2 {[%emt 0:00:27]} e6 {[%emt 0:00:22]} 21. Rc1 {[%emt 0:00:25]} Bb4+ {[%emt 0:00:24]} 22. Kd3 {[%emt 0:00:31]} Ke7 {[%emt 0:00:34]} 23. Bxd7 {[%emt 0:00:27]} Rxd7 {[%emt 0:00:22]} 24. Nb5 {[%emt 0:00:53]} e5 {[%emt 0:01:01]} 25. a3 {[%emt 0:00:38]} Bd6 {[%emt 0:00:42]} 26. Nxd6 {[%emt 0:00:32]} Rxd6 {[%emt 0:00:23]} 27. Qxa5 {[%emt 0:00:29]} Bg6+ {[%emt 0:00:25]} 28. Ke2 {[%emt 0:00:32]} exd4 {[%emt 0:00:27]} 29. Qc7+ {[%emt 0:01:38]} Ke6 {[%emt 0:00:36]} 30. exd4 {[%emt 0:00:23]} Re8 {[%emt 0:00:31]} 31. Kf3 {[%emt 0:00:31]} Kd5 {[%emt 0:09:45] Ke4+} 1-0

[Event "EWIRCC 2019"]
[Site "Monte-Carlo"]
[Date "2019.12.01"]
[Round "8.18"]
[White "Buksa, Nataliya"]
[Black "Petrova, Irina"]
[Result "0-1"]
[WhiteElo "2410"]
[BlackElo "2109"]
[Annotator "ChessBase"]
[PlyCount "90"]
[EventDate "2019.11.28"]
[EventType "swiss"]
[EventCountry "MNC"]
[SourceTitle "playchess.com"]
[Source "ChessBase"]
[SourceQuality "1"]
[TimeControl "5400+30"]

1. e4 {[%emt 1:15:11]} d6 {[%emt 1:15:11]} 2. d4 {[%emt 0:00:21]} Nf6 {[%emt 0:00:22]} 3. Nc3 {[%emt 0:00:21]} g6 {[%emt 0:00:21]} 4. f4 {[%emt 0:00:21]} Bg7 {[%emt 0:00:22]} 5. Nf3 {[%emt 0:00:21]} O-O {[%emt 0:00:28]} 6. e5 {[%emt 0:00:21]} dxe5 {[%emt 0:00:24]} 7. fxe5 {[%emt 0:00:21]} Nd5 {[%emt 0:00:21]} 8. Bc4 {[%emt 0:00:21]} Nxc3 {[%emt 0:00:22]} 9. bxc3 {[%emt 0:00:21]} c5 {[%emt 0:00:21]} 10. O-O {[%emt 0:00:40]} Bg4 {[%emt 0:00:26]} 11. Rb1 {[%emt 0:00:21]} Nc6 {[%emt 0:00:38]} 12. h3 {[%emt 0:01:15]} Bxf3 {[%emt 0:00:23]} 13. Qxf3 {[%emt 0:00:21]} cxd4 {[%emt 0:00:24]} 14. Bxf7+ {[%emt 0:00:21]} Kh8 {[%emt 0:00:21]} 15. e6 {[%emt 0:00:28]} dxc3 {[%emt 0:04:59]} 16. Rxb7 {[%emt 0:00:22]} Qc8 {[%emt 0:00:48]} 17. Rb1 {[%emt 0:02:20]} Nd4 {[%emt 0:01:43]} 18. Qe4 {[%emt 0:00:21]} Rb8 {[%emt 0:00:57]} 19. Bh6 {[%emt 0:11:36]} Ne2+ {[%emt 0:04:09]} 20. Qxe2 {[%emt 0:00:25]} Bxh6 {[%emt 0:00:22]} 21. Qf2 {[%emt 0:00:52]} Rxb1 {[%emt 0:00:50]} 22. Rxb1 {[%emt 0:00:21]} Qc7 {[%emt 0:01:36]} 23. Qh4 {[%emt 0:02:09]} Qc5+ {[%emt 0:00:21]} 24. Kh1 {[%emt 0:00:22]} Bg5 {[%emt 0:00:24]} 25. Qe4 {[%emt 0:00:27]} Bf6 {[%emt 0:00:25]} 26. Rd1 {[%emt 0:01:04]} Kg7 {[%emt 0:00:27]} 27. a4 {[%emt 0:00:25]} Rb8 {[%emt 0:00:39]} 28. Rf1 {[%emt 0:00:36]} Qe5 {[%emt 0:00:50]} 29. Qd3 {[%emt 0:00:30]} Qd4 {[%emt 0:00:44]} 30. Qe2 {[%emt 0:00:22]} Rb4 {[%emt 0:01:15]} 31. a5 {[%emt 0:00:40]} Qe5 {[%emt 0:00:44]} 32. Qf3 {[%emt 0:00:38]} Qb8 {[%emt 0:01:16]} 33. a6 {[%emt 0:00:25]} Rb1 {[%emt 0:00:24]} 34. g4 {[%emt 0:01:10]} Rxf1+ {[%emt 0:00:28]} 35. Qxf1 {[%emt 0:00:20]} Qg3 {[%emt 0:00:25]} 36. Qg2 {[%emt 0:00:29]} Qe1+ {[%emt 0:00:31]} 37. Qg1 {[%emt 0:00:21]} Qe4+ {[%emt 0:00:44]} 38. Qg2 {[%emt 0:00:21]} Qf4 {[%emt 0:00:44]} 39. Qe2 {[%emt 0:00:48]} Qg3 {[%emt 0:01:11]} 40. Qg2 {[%emt 0:00:24]} Qe3 {[%emt 0:00:41]} 41. Qf1 {[%emt 0:01:05]} Qd2 {[%emt 0:01:06]} 42. Qg2 {[%emt 0:00:23]} Qd1+ {[%emt 0:00:51]} 43. Qg1 {[%emt 0:00:30]} Qxc2 {[%emt 0:00:36]} 44. Be8 {[%emt 0:00:28]} Qe4+ {[%emt 0:00:26]} 45. Qg2 {[%emt 0:00:29]} Qxg2+ {[%emt 0:00:23]} 0-1

[Event "EWIRCC 2019"]
[Site "Monte-Carlo"]
[Date "2019.12.01"]
[Round "8.19"]
[White "Gaprindashvili, Nona"]
[Black "Ovod, Evgenija"]
[Result "1-0"]
[WhiteElo "2275"]
[BlackElo "2347"]
[Annotator "NA RC"]
[PlyCount "71"]
[EventDate "2019.11.28"]
[EventType "swiss"]
[EventCountry "MNC"]
[SourceTitle "playchess.com"]
[Source "ChessBase"]
[SourceQuality "1"]
[TimeControl "5400+30"]

1. d4 {[%emt 1:15:13]} d5 {[%emt 1:15:11]} 2. c4 {[%emt 0:00:20]} e6 {[%emt 0:00:21]} 3. Nf3 {[%emt 0:00:22]} Nf6 {[%emt 0:00:21]} 4. Bg5 {[%emt 0:00:26]} Be7 {[%emt 0:00:29]} 5. e3 {[%emt 0:00:22]} O-O {[%emt 0:00:40]} 6. Nc3 {[%emt 0:00:26]} h6 {[%emt 0:00:23]} 7. Bh4 {[%emt 0:00:22]} Ne4 {[%emt 0:00:26]} 8. Bxe7 {[%emt 0:00:28]} Qxe7 {[%emt 0:00:26]} 9. Qc2 {[%emt 0:00:28]} Nxc3 {[%emt 0:00:27]} 10. Qxc3 {[%emt 0:00:23]} dxc4 {[%emt 0:01:09]} 11. Qxc4 {[%emt 0:00:40]} b6 {[%emt 0:00:44]} 12. Rc1 {[%emt 0:00:29]} c6 {[%emt 0:03:00]} 13. Be2 {[%emt 0:01:02]} Ba6 {[%emt 0:00:45]} 14. Qc3 {[%emt 0:00:33]} Bxe2 {[%emt 0:00:40]} 15. Kxe2 {[%emt 0:00:22]} Rc8 {[%emt 0:00:26]} 16. Rhd1 {[%emt 0:00:43]} Nd7 {[%emt 0:02:37]} 17. Kf1 {[%emt 0:06:12]} c5 {[%emt 0:00:23]} 18. b4 {[%emt 0:01:17]} cxd4 {[%emt 0:04:17]} 19. Qxc8+ {[%emt 0:00:28]} Rxc8 {[%emt 0:00:21]} 20. Rxc8+ {[%emt 0:00:23]} Kh7 {[%emt 0:00:22]} 21. Rc7 {[%emt 0:02:34]} Qxb4 {[%emt 0:00:23]} 22. Nxd4 {[%emt 0:00:45]} Nf6 {[%emt 0:01:00]} 23. Rxf7 {[%emt 0:00:50]} Qc4+ {[%emt 0:00:44]} 24. Ne2 {[%emt 0:01:36]} Qxa2 {[%emt 0:01:14]} 25. Rc1 {[%emt 0:00:20]} Nd5 {[%emt 0:01:39]} 26. e4 {[%emt 0:00:32]} Nb4 {[%emt 0:00:23]} 27. Rcc7 {[%emt 0:03:04]} Qa1+ {[%emt 0:02:21]} 28. Nc1 {[%emt 0:00:22]} a5 {[%emt 0:00:28]} 29. f4 {[%emt 0:01:08]} Kg6 {[%emt 0:02:11]} 30. f5+ {[%emt 0:01:24]} exf5 {[%emt 0:00:32]} 31. exf5+ {[%emt 0:00:22]} Kg5 {[%emt 0:00:26]} 32. Rxg7+ {[%emt 0:00:49]} Kxf5 {[%emt 0:00:21]} 33. g4+ {[%emt 0:01:00]} Ke4 {[%emt 0:00:52]} 34. Kg2 {[%emt 0:00:41]} Nd5 {[%emt 0:00:41]} 35. Rc4+ {[%emt 0:00:22]} Ke5 {[%emt 0:00:47]} 36. Rg6 {[%emt 0:01:12] Ke4 Rg7+ Ke5 Kh3} 1-0

[Event "EWIRCC 2019"]
[Site "Monte-Carlo"]
[Date "2019.12.01"]
[Round "8.20"]
[White "Muetsch, Annmarie"]
[Black "Savina, Anastasia"]
[Result "1/2-1/2"]
[WhiteElo "2240"]
[BlackElo "2354"]
[Annotator "TA"]
[PlyCount "94"]
[EventDate "2019.11.28"]
[EventType "swiss"]
[EventCountry "MNC"]
[SourceTitle "playchess.com"]
[Source "ChessBase"]
[SourceQuality "1"]

{[%evp 17,94,7,33,27,36,20,27,14,21,20,85,73,99,-54,102,102,109,106,113,116,112,98,106,103,110,81,106,68,113,105,112,70,81,74,81,80,127,81,81,81,82,82,82,52,52,43,43,1,1,1,1,1,1,1,8,0,0,0,8,8,8,0,8,0,0,0,8,0,0,0,8,0,0,0,8,0,0,0,9]} 1. e4 e5 2. Nf3 Nc6 3. d4 exd4 4. Nxd4 Nf6 5. Nxc6 bxc6 6. e5 Qe7 7. Qe2 Nd5 8. c4 Nb6 9. Nc3 {[%cal Bb1c3,Bc3e4,Be4f6][%mdl 32]} g6 10. Ne4 {C45: Scotch Game} Bg7 11. Bg5 Qb4+ 12. Qd2 $1 {[%cal Rd2b4] White has an edge.} Qxd2+ 13. Kxd2 Bxe5 {[#]} (13... h6 $11 14. Bf6 Bxf6 15. Nxf6+ Ke7) 14. Nf6+ $1 $16 Kf8 {[#] Hoping for ...h6.} (14... Bxf6 15. Re1+ Kf8 16. Bxf6 Rg8 {1-0 (27) Howell,D (2676)-Eljanov,P (2711) Riadh 2017}) 15. Bh6+ $146 ({Predecessor:} 15. Re1 h6 16. Rxe5 hxg5 17. Re8+ Kg7 18. Rxh8 Kxh8 {1-0 (39) Kubik,M (2203)-Kraus,T (2326) Frydek Mistek 2014}) 15... Ke7 16. Bg7 d6 17. Bxh8 Bxf6 18. Bxf6+ Kxf6 19. Bd3 Be6 20. b3 Nd7 21. f4 Nc5 22. Rhf1 Bf5 23. Bxf5 gxf5 {[%mdl 4096] Endgame KRR-KRN} 24. Rae1 a5 25. Kc2 Rg8 26. Re2 Ne6 27. Kc3 c5 28. g3 h5 29. Re3 Rg4 30. a3 Rg8 31. Rb1 h4 32. b4 (32. Rb2 {keeps more tension.} Rb8 33. Rd3 Ra8 34. Rbd2 Rg8 35. Kb2) 32... axb4+ {The position is equal.} 33. axb4 cxb4+ 34. Rxb4 hxg3 35. hxg3 Nc5 36. Rb1 Ra8 {White must now prevent ...Ra3+.} 37. Kb2 Rh8 38. Rc1 Rb8+ 39. Kc2 Rh8 40. Rce1 Ra8 41. Kb2 Rb8+ 42. Kc3 Ra8 43. Kb2 Rb8+ 44. Kc3 Ra8 45. Kb2 Rb8+ 46. Kc3 Ra8 47. Kb2 Rb8+ {Accuracy: White = 53%, Black = 66%.} 1/2-1/2